000 00303nam a2200109Ia 4500
008 171211s9999 xx 000 0 und d
245 4 _aThe Routledge Creative Writing Coursebook
245 _cPaul Mills
260 _c2006
650 _xCULTURE
856 _uhttp://down.ebook777.com/061/9780415317856.pdf
999 _c347872
_d347872